Kultúrne centrum pod hradbami Skalica

Guardado en:
Detalles Bibliográficos
Autor principal: Fádlik, Nicolas (Autor)
Otros Autores: Šimkovič, Vladimír (Orientador)
Formato: Manuscrito Libro
Lenguaje:eslovaco
Publicado: 2025
Materias:
Acceso en línea:http://is.stuba.sk/zp/portal_zp.pl?podrobnosti=168203
Etiquetas: Agregar Etiqueta
Sin Etiquetas, Sea el primero en etiquetar este registro!

MARC

LEADER 00000ntm a22000003a 4500
001 stuzp104634
003 SK-STU
005 20250614213218.1
007 ta
008 150427s2015----xo-----f-mn---000-0-slo-d
040 |a STU  |b slo 
041 0 |a slo 
100 1 |a Fádlik, Nicolas  |u 058180  |4 aut  |U FAD Fakulta architektúry a dizajnu  |T FAD Ústav architektúry občianskych budov  |X 115538  |U A8180  |Y 399  |7 115538 
242 0 1 |a Under the walls, Skalica  |y eng 
245 1 0 |a Kultúrne centrum pod hradbami Skalica 
260 |c 2025 
650 4 |a rural cottages  |2 eng 
650 4 |a Skalica  |2 eng 
650 4 |a public space  |2 eng 
650 4 |a city park  |2 eng 
650 4 |a cultural centre  |2 eng 
650 4 |a vidiecke domčeky  |2 slo 
650 4 |a Skalica  |2 slo 
650 4 |a verejný priestor  |2 slo 
650 4 |a park  |2 slo 
650 4 |a Kultúrne centrum  |2 slo 
700 1 |a Šimkovič, Vladimír  |4 ths  |X 394  |7 A000000394 
856 4 |u http://is.stuba.sk/zp/portal_zp.pl?podrobnosti=168203